Textbook of physiology for BDS / (Record no. 137936)

MARC details
000 -LEADER
fixed length control field 00555nam a22001937a 4500
005 - DATE AND TIME OF LATEST TRANSACTION
control field 20170303144302.0
010 ## - LCCN (DPL NO)
LC control number ENG-117381
020 ## - INTERNATIONAL STANDARD BOOK NUMBER
International Standard Book Number 9789352550401
Terms of availability 350.00
035 ## - SYSTEM CONTROL NUMBER
System control number EN-100913
037 ## - SOURCE OF ACQUISITION
Source of stock number/acquisition DBAD/PUB
082 ## - DEWEY DECIMAL CLASSIFICATION NUMBER
Classification number 612
100 ## - MAIN ENTRY--PERSONAL NAME
Personal name Basak, A.K.
245 ## - TITLE STATEMENT
Title Textbook of physiology for BDS /
Statement of responsibility, etc by A K Basak
260 ## - PUBLICATION, DISTRIBUTION, ETC. (IMPRINT)
Place of publication, distribution, etc Kolkata
Name of publisher, distributor, etc New Central Book Agency
Date of publication, distribution, etc 2016
270 ## - ADDRESS
Address 8/1 Chintamoni Das Lane
City Kolkata
Postal code 700009
300 ## - PHYSICAL DESCRIPTION
Extent xi,440p :
Dimensions 24cm (pbk)
Other physical details ill
500 ## - GENERAL NOTE
General note includes index
942 ## - ADDED ENTRY ELEMENTS (KOHA)
Source of classification or shelving scheme Dewey Decimal Classification
Item type English Books
Classification part 612
Call number suffix BAS
Holdings
Withdrawn status Lost status Not for loan Collection code Home library Current library Date acquired Source of acquisition Cost, normal purchase price Full call number Barcode Copy number Cost, replacement price Koha item type
    Not For Loan Non-fiction D.B.Act.Division Bawana 28/02/2017 DBAD/PUB 350.00 612 BAS EN-100913 1 350.00 English Books

© Delhi Public Library
Hit Counter
free hit counter